| 000 | 00629nam a2200205 i 4500 | ||
|---|---|---|---|
| 001 | 59318 | ||
| 003 | ES-MaACL | ||
| 005 | 20250731030157.0 | ||
| 007 | t| | ||
| 008 | 031028s1962 sp ||||1| spa d | ||
| 100 | 0 |
_aCapella-Ricci, Juan. _934824 |
|
| 245 | 1 | 0 |
_aPrincipios de agricultura / _cpor Juan Capella-Ricci. |
| 260 |
_aBarcelona : _bSintes, _c1962. |
||
| 300 |
_a438 p. : _bil. ; _c22 cm. |
||
| 490 | 1 |
_aEnciclopedia Práctica del Agricultor ; _v1 |
|
| 650 | 0 | 7 |
_aAgricultura _2embne _99670 |
| 830 | 0 |
_aEnciclopedia Práctica del Agricultor ; _v1 _9192561 |
|
| 852 |
_aES-MaACL _jE-4812 |
||
| 999 |
_c59318 _d59318 |
||